000 00751nam a2200217 a 4500
001 81176
003 BD-RjUL
005 20230206113112.0
008 220205s1960 su 000 0 ara d
035 _a(BD-RjUL)
040 _aTAU
_beng
_cBD-RjUL
041 0 _aara
082 _223
_a297.81
_bBIN 1960
090 _a297.81
100 0 _aBin Salamah, Abu al-Qasim Hiba بن سلامه, أبو القاسم هبة
_96849
245 1 2 _aالناسخ والمنسوخ alnaasikh walmansukh /
_cAbu al-Qasim Hiba bin Salamah تأليف ابي القاسم هبة بن سلامه
260 _amisr :
_bMustafa Albani،
_c1960
300 _a110 ص
_c23
600 1 4 _aAbu 'Ubayd al-Qasim ibn Sallam,
_d774-838.
_tNasikh wa-l-mansukh
_96850
942 _2ddc
_cBK
999 _c81176
_d81176